| 000 | 02351cam a22005294i 4500 | ||
|---|---|---|---|
| 003 | PE-LiUPU | ||
| 005 | 20250731165528.0 | ||
| 008 | 150623s r 000 0 d | ||
| 020 | _a8470501321 | ||
| 035 | _a(Sirsi) i9788470501326 | ||
| 040 |
_aPE-LiUPU _bspa _cPE-LiUPU _erda |
||
| 049 | _aPRUA | ||
| 082 | 0 | 4 |
_a270.9 _bH _221 |
| 100 | 1 |
_aAzais, Yvonne, _eautor. |
|
| 245 | 1 | 3 |
_aLa cristiandad romana. _n10 / _cYvonne Azais y Cristina Thouzellier. |
| 264 | 1 |
_aValencia, España : _bEdicep, _c1975. |
|
| 300 |
_a594 páginas : _bil., fotos ; _c28 centímetros |
||
| 336 |
_atext _2rdacontent |
||
| 337 |
_aunmediated _2rdamedia |
||
| 338 |
_avolume _2rdacarrier |
||
| 490 | 0 |
_aHistoria de la iglesia ; _v10 |
|
| 504 | _aIncluye bibliografía. | ||
| 505 | 0 | _aEl programa pontificio de Inocencio III. -La reconquista latina en el oriente. -Los destinos de la cristiandad romana desde 1025 a1213. -La represión de la herejía. -La reforma de la iglesia. -El cuarto concilio de Letrán. -la vistoria del sacerdocio sobre el imperio. -Defensa y organización de la cristiandad. -Reprensión de la herejía y comienzos de la inquisición. -La enseñanza y las universidades. -La vida cristiana. -La politíaca italiana de la santa sede. -La crisi oriental. -El malestar occidental. -El segundo concilio ecuménico en Lyón. | |
| 526 | _aSEG44 | ||
| 526 | _aSEG26 | ||
| 526 | _aP151 | ||
| 526 | _aP150 | ||
| 526 | _aP149 | ||
| 526 | _aP146 | ||
| 526 | _aP145 | ||
| 526 | _aP126 | ||
| 526 | _aP125 | ||
| 526 | _aP92 | ||
| 526 | _aP75 | ||
| 526 | _aP74 | ||
| 526 | _aP27 | ||
| 526 | _aP15 | ||
| 650 | 0 | 4 |
_aIglesia _xHistoria _xCristianismo _zRoma. |
| 700 | 1 |
_aFliche, Agustin, _eautor. . |
|
| 700 | 1 |
_aThouzellier, Cristina, _eautor. |
|
| 942 |
_2ddc _cBOOK |
||
| 949 |
_aRC 270.9 H 10 _wDEWEY _c1 _i14673 _lCCODEBUL1 _mBUL _r0 _sY _tBOOK _u2015-6-24 _xTEOLOGIA _PP35 _0COMPRA _o.CIRCNOTE. No olvidar cambiar la fecha de devolución!!!!!!! _o.STAFF. Colección General |
||
| 994 |
_aC0 _bPEPRU |
||
| 596 | _a1 | ||
| 999 |
_aRC 270.9 H 10 _wDEWEY _c36484 _i14673 _f2021-11-8 _g6 _lCCODEBUL1 _mBUL _r1 _sY _tBOOK _u2015-6-24 _xTEOLOGIA _PP35 _0COMPRA _o.CIRCNOTE. No olvidar cambiar la fecha de devolución!!!!!!! _o.STAFF. Colección General _d36484 |
||
| 980 |
_81 _gALBERTO SANCHEZ Responsable de Automatización |
||